000 00682nam a2200217Ia 4500
005 20241129104323.0
008 241129s9999||||xx |||||||||||||| ||und||
020 _a9781009179867
037 _aTextual
040 _aRTL
_beng
_cRTL
041 _aeng
_2eng
084 _aY16.2 R2
_qRTL
100 _aSrivastava Sanjay
245 0 _aMasculinity consumerism and the post-colonial Indian city: Streets neighbourhoods home
_cSrivastava Sanjay
260 _aUnited Kingdom
_bCambridge University Press
_c2022
300 _axii,186p.
365 _aINR
_b1095
650 _aMasculinity and Consumerism
_9725746
942 _cTB
_hY16.2 R2
999 _c1225382
_d1225382